Broušení řezných materiálů syntetickými velmi tvrdými materiály

Bibliographic Details
Main Author: Štěpán, Vladimír (Author)
Format: Article
Language:Czech
PhysicalDescription:Obr. 3. Tb. 6., lit. 5 zázn. v češ., ruš.
Subjects:

MARC

LEADER 00000nab a2200000 a 4500
001 vtls000351737
003 SK-MaSNL
005 20260303215747.0
008 160204c1987 xo 0 cze
015 |a SNBRA19rr/mm-uuuuu 
035 |a CL0351859 
040 |a SNKBUCL  |b slo  |c SNKBUCL  |e AACR2 
041 0 |a cze 
044 |a xo  |c SK 
080 |a 621.921:621.923.4  |2 1981 
080 |a 621.923.4  |2 1981 
080 |a 621.921.34  |2 1981 
100 1 |a Štěpán, Vladimír  |4 aut  |9 949679 
245 1 0 |a Broušení řezných materiálů syntetickými velmi tvrdými materiály  |c Vladimír Štěpán 
300 |b Obr. 3. Tb. 6., lit. 5 zázn. v češ., ruš. 
650 0 7 |a rezné nástroje  |2 snkbucl  |9 69999 
650 0 7 |a brúsenie jemné  |2 snkbucl  |9 973185 
650 0 7 |a brusivá supertvrdé  |2 snkbucl  |9 1252371 
655 7 |a články zo zborníkov  |2 snkbucl  |9 166140 
773 0 |t Komplexná socialistická racionalizácia výroby a hospodárenie s náradím  |d Žilina : Dom techniky ČSVTS, 1987  |g S. 84-93 
850 |a Slovenská národná knižnica v Martine  |a MTA001 
852 |a SNK  |b KIS3GCP 
958 |a NB 
958 |a RK 
958 |a CZ 
992 |a RZB 
999 |c 2223113  |d 2225043